Жеребец. Грешники: романы; пер. с англ.

Dades bibliogràfiques
Autor principal: Коллинз Дж. Джеки
Sumari:Исключено из фонда НТБ ТПУ
Idioma:rus
Publicat: Ижевск, Квест, 1993
Col·lecció:ВА-БАНК-супер
Format: MixedMaterials Llibre
KOHA link:https://koha.lib.tpu.ru/cgi-bin/koha/opac-detail.pl?biblionumber=88186

MARC

LEADER 00000nam0a2200000 4500
001 88186
005 20231031102535.0
010 |a 5873940568 
035 |a (RuTPU)RU\TPU\book\94666 
035 |a RU\TPU\book\94662 
090 |a 88186 
100 |a 20051222d1993 m y0rusy50 ca 
101 1 |a rus  |c eng 
102 |a RU 
105 |a y z 000ay 
200 1 |a Жеребец. Грешники  |e романы  |e пер. с англ.  |f Дж. Коллинз 
210 |a Ижевск  |c Квест  |d 1993 
215 |a 352 с. 
225 1 |a ВА-БАНК-супер 
333 |a Исключено из фонда НТБ ТПУ 
700 1 |a Коллинз  |b Дж.  |g Джеки 
801 1 |a RU  |b 63413507  |c 20040913  |g PSBO 
801 2 |a RU  |b 63413507  |c 20170906  |g PSBO 
942 |c BK